000 00670nam a2200205 a 4500
001 000002018
005 20240412074159.0
008 090630s2008 dr 000 p spa d
040 _aDO-SdBNP
_bspa
_cBNPHU
082 _aRD861.5
_bC957e
100 1 _aCruz, Luis Manuel
_c1987-
_96519
245 1 0 _aEn el paraíso del amor /
_cLuis Manuel Cruz ; prólogo Antonio Taveras Mejía.
260 _aBonao :
_bJuan Fco. Publishing,
_c2008.
300 _a52 p. ;
_c21 cm.
590 _aInventariado, 2019 / DG
650 0 _aPoesía dominicana
_966
650 0 _aLiteratura dominicana.
_967
700 1 _aTaveras Mejía, Antonio
_epról.
_96478
910 _aJornada de catalogación
999 _c1883
_d1883